000 00723nam a22002411 4500
001 134591
003 ES-MaACL
005 20230906194715.0
007 t|
008 070912s1969 sp ||||0| spa d
016 7 _zIND2000944702
040 _aM-BN
_bspa
_cCDM
080 _a159.923.3-053.2:792
100 1 _aWidlöcher, Daniel.
_9116747
245 1 3 _aEl psicodrama en el niño /
_cDaniel Widloecher ; [traducción del francés por Fabián Pérez Jiménez].
250 _a1ª ed.
260 _aBarcelona :
_bLuis Miracle,
_c1969.
300 _a172 p. ;
_c19 cm.
650 1 4 _aPsicodrama.
_916538
700 1 _aPérez Jiménez, Fabián.
_990952
852 _aES-MaACL
_jC-50312
_bR.71448
999 _c134591
_d134591